000 01160nmm a2200325 a 4500
001 ocm0002146087
003 TR-IsHL
005 20201028181802.0
008 190118s2016 tu ara
007 cr cn
035 _a2146087
_b(N$T)
050 0 4 _aPJ6233
_b.E87 2016
090 0 4 _aPJ6233
_b.E87 2016
100 1 _aEvren, Kathban
245 1 0 _aElif ve Zeynep= أليف و زينب
_h[electronic resource] /
_cKathban Evren ; çeviren M. Serdar Şadoğlu ; resimler Oya Başkaya
260 _aİstanbul :
_bAkdem Yayınları,
_c2016
300 _a16 p.
650 4 _aDil ve Edebiyat
650 4 _aLanguage and Literature
650 0 _aArap dili
_x Gramer
650 0 _aArabic language
_x Grammar
650 0 _aArap dili
_x Çalışma ve öğretim
650 0 _aArabic language
_x Study and teaching
650 0 _aÇocuk hikayeleri, Arapça
650 0 _aChildren's literature, Arabic stories
650 7 _aLANGUAGE ARTS & DISCIPLINES / Reading Skills
_2bisacsh
700 1 _aŞadoğlu, M. Serdar
700 1 _aBaşkaya, Oya
856 4 0 _uhttp://search.ebscohost.com/login.aspx?direct=true&scope=site&db=e011xww&AN=2146087
999 _c19764
_d19764